Theories of economic growth and regional disparities

Na minha lista:
Detalhes bibliográficos
Autor principal: Nedomlelová, Iva
Formato: Capítulo de Livro
Idioma:inglês
Tags: Adicionar Tag
Sem tags, seja o primeiro a adicionar uma tag!

MARC

LEADER 00000nla$a2200000$$$4500
001 0149413
005 20221007085825.4
041 0 |a eng 
044 |a SK 
245 1 0 |a Theories of economic growth and regional disparities  |c Iva Nedomlelová 
100 1 |a Nedomlelová, Iva